000 00502nam a22001697a 4500
005 20251108175616.0
008 250721s2018 xx 000 0 ara d
082 1 4 _aق/فرح
100 1 _aفرحات، أحمد
245 1 0 _aالزقوم / رواية طعم الشيطان /
264 _bعصير الكتب للنشر و التوزيع،
_c2018.
300 _a224ص.
650 1 7 _aالادب العربي
650 1 7 _aالروايات العربية
942 _2ddc
_cBK
999 _c138157
_d138157